| 000 | 00452nam a2200133Ia 4500 | ||
|---|---|---|---|
| 008 | 191014s9999 xx 000 0 und d | ||
| 020 | _a978-0-07-070213-4 | ||
| 082 |
_a530.1 _bKIT |
||
| 100 |
_aCarles Kittel, Walter D Knight, Malvin A Ruderman, Carl A Hemholz, Burton J Moyer _923836 |
||
| 245 | 0 | _aBerkeley Physics Courcse Mechanics(Vol 1) in SI Units | |
| 260 |
_aIndia _bMcGraw hill Education Private Ltd _c2011 |
||
| 300 | _aXix,451 | ||
| 942 | _cBK | ||
| 999 |
_c531355 _d531355 |
||